00595 2200217 4500001002100000005001500021035002000036007000300056008004100059020001500100082001000115084001600125100002900141245005900170250001100229260004000240300003300280650002400313504003000337990001000367INLIS00000000000577020200619020609 a0010-0620000050ta200619 g 0 ind  a9793931922 a612.3 a612.3 AMB g0 aAMBARWATI, fitri respati1 aGizi & Kesehatan Reproduksi /cFitri Respati Ambarwati aCet. 1 aYogyakarta :bCakrawala Ilmu,c2015 ax, 138 hlm ;c13,5 x 20,5 cm 4akesehatan ilmu gizi aBibliografi : Hal 135-136 a5784b